000
00319nam a22001337a 4500
008
170321b xxu||||| |||| 00| 0 eng d
020
_a
9780781746717
041
_a
eng
080
_2
15TH
_a
616.12-008-073
100
_a
7
101
_a
SHM
245
_a
ARTHRITIES AND ALLIED CONDITIONS
_c
KOOPMAN, W.J
942
_2
udc
_c
BK
999
_c
8286
_d
8286